[Event "DVM U14 2022"]
[Site "Kelheim GER"]
[Date "2022.12.27"]
[Round "2"]
[White "Nhan, Jiehou"]
[Black "Berresheim, Nils"]
[Result "1-0"]
[Termination "normal"]
[Board "2.2"]
[WhiteElo "1378"]
[BlackElo "1755"]
[WhiteClock "00:36:25"]
[BlackClock "00:23:52"]
[WhiteTeam "Schachvereinigung 1920 Plettenberg e. V."]
[BlackTeam "Schachfreunde Essen-Katernberg 04/32 e. V."]
[PlyCount "51"]
[WhiteFideId "34608214"]
[BlackFideId "16246306"]
[EventCountry "GER"]
[EventRounds "7"]
[EventType "team-swiss"]
[EventDate "2022.12.26"]

1. e4 {[%clk 01:30:52]} {[%emt 00:00:08]} c5 {[%clk 01:30:33]} {[%emt
00:00:27]} 2. c3 {[%clk 01:30:37]} {[%emt 00:00:45]} Nf6 {[%clk 01:30:29]}
{[%emt 00:00:34]} 3. e5 {[%clk 01:30:27]} {[%emt 00:00:40]} Nd5 {[%clk
01:30:44]} {[%emt 00:00:13]} 4. d4 {[%clk 01:30:04]} {[%emt 00:00:54]} cxd4
{[%clk 01:30:50]} {[%emt 00:00:25]} 5. cxd4 {[%clk 01:29:51]} {[%emt 00:00:43]}
e6 {[%clk 01:30:36]} {[%emt 00:00:43]} 6. Nf3 {[%clk 01:27:50]} {[%emt
00:02:31]} d6 {[%clk 01:29:58]} {[%emt 00:01:08]} 7. Bc4 {[%clk 01:26:52]}
{[%emt 00:01:29]} Be7 {[%clk 01:29:16]} {[%emt 00:01:11]} 8. O-O {[%clk
01:25:50]} {[%emt 00:01:32]} O-O {[%clk 01:28:56]} {[%emt 00:00:49]} 9. Nc3
{[%clk 01:24:09]} {[%emt 00:02:13]} Nxc3 {[%clk 01:28:22]} {[%emt 00:01:04]}
10. bxc3 {[%clk 01:23:49]} {[%emt 00:00:50]} Nd7 {[%clk 01:25:45]} {[%emt
00:03:07]} 11. exd6 {[%clk 01:20:58]} {[%emt 00:03:21]} Bxd6 {[%clk 01:25:21]}
{[%emt 00:00:53]} 12. Ng5 {[%clk 01:17:56]} {[%emt 00:03:33]} h6 {[%clk
01:12:57]} {[%emt 00:12:53]} 13. Ne4 {[%clk 01:11:17]} {[%emt 00:07:11]} Bxh2
{[%clk 01:08:42]} {[%emt 00:04:45]} 14. Kxh2 {[%clk 01:08:12]} {[%emt
00:03:34]} Qc7 {[%clk 01:07:23]} {[%emt 00:01:49]} 15. f4 {[%clk 01:03:55]}
{[%emt 00:04:47]} Qxc4 {[%clk 01:06:36]} {[%emt 00:01:16]} 16. Ba3 {[%clk
01:01:57]} {[%emt 00:02:30]} Qc6 {[%clk 00:46:53]} {[%emt 00:20:12]} 17. Bxf8
{[%clk 00:58:17]} {[%emt 00:04:10]} Kxf8 {[%clk 00:45:53]} {[%emt 00:01:30]}
18. Re1 {[%clk 00:52:24]} {[%emt 00:06:23]} b6 {[%clk 00:43:00]} {[%emt
00:03:23]} 19. Qb3 {[%clk 00:47:34]} {[%emt 00:05:20]} Bb7 {[%clk 00:40:47]}
{[%emt 00:02:43]} 20. Re2 {[%clk 00:43:25]} {[%emt 00:04:39]} Ba6 {[%clk
00:36:16]} {[%emt 00:05:00]} 21. Qa3 {[%clk 00:42:18]} {[%emt 00:01:39]} Nc5
{[%clk 00:31:45]} {[%emt 00:05:00]} 22. Re3 {[%clk 00:39:51]} {[%emt 00:02:56]}
Bb7 {[%clk 00:26:58]} {[%emt 00:05:17]} 23. dxc5 {[%clk 00:37:00]} {[%emt
00:03:23]} f5 {[%clk 00:25:13]} {[%emt 00:02:15]} 24. cxb6 {[%clk 00:36:58]}
{[%emt 00:00:32]} Kg8 {[%clk 00:24:39]} {[%emt 00:01:04]} 25. Qe7 {[%clk
00:36:07]} {[%emt 00:01:21]} Re8 {[%clk 00:23:52]} {[%emt 00:01:16]} 26. Nf6
{[%clk 00:36:25]} {[%emt 00:00:13]} 1-0

[Event "DVM U14 2022"]
[Site "Kelheim GER"]
[Date "2022.12.27"]
[Round "2"]
[White "Goldkuhle, Collin"]
[Black "Selter, Julian André"]
[Result "0-1"]
[Termination "normal"]
[Board "2.3"]
[WhiteElo "1464"]
[BlackElo "1614"]
[WhiteClock "00:00:47"]
[BlackClock "00:57:23"]
[WhiteTeam "Schachfreunde Essen-Katernberg 04/32 e. V."]
[BlackTeam "Schachvereinigung 1920 Plettenberg e. V."]
[PlyCount "68"]
[WhiteFideId "16271106"]
[BlackFideId "34608168"]
[EventCountry "GER"]
[EventRounds "7"]
[EventType "team-swiss"]
[EventDate "2022.12.26"]

1. e4 {[%clk 01:30:55]} {[%emt 00:00:04]} c5 {[%clk 01:30:56]} {[%emt
00:00:04]} 2. Nc3 {[%clk 01:31:18]} {[%emt 00:00:07]} Nc6 {[%clk 01:31:15]}
{[%emt 00:00:11]} 3. f4 {[%clk 01:31:43]} {[%emt 00:00:06]} g6 {[%clk
01:31:26]} {[%emt 00:00:19]} 4. Nf3 {[%clk 01:32:07]} {[%emt 00:00:05]} Bg7
{[%clk 01:31:30]} {[%emt 00:00:26]} 5. Bb5 {[%clk 01:32:05]} {[%emt 00:00:32]}
Nd4 {[%clk 01:31:48]} {[%emt 00:00:12]} 6. O-O {[%clk 01:31:52]} {[%emt
00:00:43]} a6 {[%clk 01:31:38]} {[%emt 00:00:40]} 7. Bd3 {[%clk 01:26:25]}
{[%emt 00:05:58]} e6 {[%clk 01:28:30]} {[%emt 00:03:38]} 8. Ne2 {[%clk
01:15:23]} {[%emt 00:11:32]} Ne7 {[%clk 01:27:25]} {[%emt 00:01:35]} 9. c3
{[%clk 01:13:19]} {[%emt 00:02:34]} Nxf3 {[%clk 01:27:37]} {[%emt 00:00:17]}
10. Rxf3 {[%clk 01:13:24]} {[%emt 00:00:26]} O-O {[%clk 01:27:52]} {[%emt
00:00:14]} 11. f5 {[%clk 01:09:33]} {[%emt 00:04:22]} Nc6 {[%clk 01:26:42]}
{[%emt 00:01:39]} 12. Bc2 {[%clk 01:08:18]} {[%emt 00:01:46]} d5 {[%clk
01:25:14]} {[%emt 00:01:57]} 13. fxg6 {[%clk 01:07:15]} {[%emt 00:01:33]} hxg6
{[%clk 01:25:13]} {[%emt 00:00:31]} 14. exd5 {[%clk 00:54:45]} {[%emt
00:13:00]} exd5 {[%clk 01:24:45]} {[%emt 00:00:58]} 15. d3 {[%clk 00:47:35]}
{[%emt 00:07:41]} b5 {[%clk 01:20:37]} {[%emt 00:04:37]} 16. Rg3 {[%clk
00:38:59]} {[%emt 00:09:06]} Bf5 {[%clk 01:16:07]} {[%emt 00:04:59]} 17. Be3
{[%clk 00:33:36]} {[%emt 00:05:54]} d4 {[%clk 01:15:19]} {[%emt 00:01:18]} 18.
Bg5 {[%clk 00:32:35]} {[%emt 00:01:32]} Qd6 {[%clk 01:13:53]} {[%emt 00:01:51]}
19. Qd2 {[%clk 00:28:48]} {[%emt 00:04:20]} Rfe8 {[%clk 01:12:19]} {[%emt
00:02:04]} 20. Rf1 {[%clk 00:24:56]} {[%emt 00:04:22]} dxc3 {[%clk 01:09:24]}
{[%emt 00:03:26]} 21. bxc3 {[%clk 00:22:28]} {[%emt 00:02:58]} b4 {[%clk
01:07:34]} {[%emt 00:02:19]} 22. c4 {[%clk 00:16:31]} {[%emt 00:06:28]} Nd4
{[%clk 01:06:47]} {[%emt 00:01:16]} 23. Nxd4 {[%clk 00:13:43]} {[%emt
00:03:19]} Bxd4 {[%clk 01:06:42]} {[%emt 00:00:35]} 24. Kh1 {[%clk 00:12:17]}
{[%emt 00:01:49]} Bg7 {[%clk 01:03:30]} {[%emt 00:03:49]} 25. Bf4 {[%clk
00:11:24]} {[%emt 00:01:19]} Qd4 {[%clk 01:02:41]} {[%emt 00:01:18]} 26. Be3
{[%clk 00:08:38]} {[%emt 00:03:20]} Qe5 {[%clk 01:01:14]} {[%emt 00:01:58]} 27.
Kg1 {[%clk 00:04:41]} {[%emt 00:04:28]} Re7 {[%clk 01:00:50]} {[%emt 00:00:53]}
28. Re1 {[%clk 00:03:28]} {[%emt 00:01:43]} Qd6 {[%clk 00:59:08]} {[%emt
00:02:11]} 29. Rf1 {[%clk 00:02:45]} {[%emt 00:01:11]} Rae8 {[%clk 00:58:48]}
{[%emt 00:00:53]} 30. Bf4 {[%clk 00:02:18]} {[%emt 00:00:57]} Qd4 {[%clk
00:58:41]} {[%emt 00:00:37]} 31. Kh1 {[%clk 00:01:51]} {[%emt 00:00:57]} Re2
{[%clk 00:58:54]} {[%emt 00:00:16]} 32. Qd1 {[%clk 00:01:38]} {[%emt 00:00:42]}
Qc3 {[%clk 00:56:58]} {[%emt 00:02:28]} 33. Bb3 {[%clk 00:01:22]} {[%emt
00:00:46]} Re1 {[%clk 00:57:12]} {[%emt 00:00:16]} 34. Bd2 {[%clk 00:00:47]}
{[%emt 00:01:04]} Qxd2 {[%clk 00:57:23]} {[%emt 00:00:19]} 0-1

[Event "DVM U14 2022"]
[Site "Kelheim GER"]
[Date "2022.12.27"]
[Round "2"]
[White "Schmidt, Moritz"]
[Black "Lüersen, Lukas"]
[Result "0-1"]
[Termination "normal"]
[Board "2.4"]
[WhiteElo "1495"]
[BlackElo "1594"]
[WhiteClock "00:17:07"]
[BlackClock "00:05:18"]
[WhiteTeam "Schachvereinigung 1920 Plettenberg e. V."]
[BlackTeam "Schachfreunde Essen-Katernberg 04/32 e. V."]
[PlyCount "114"]
[WhiteFideId "34603549"]
[BlackFideId "34628371"]
[EventCountry "GER"]
[EventRounds "7"]
[EventType "team-swiss"]
[EventDate "2022.12.26"]

1. e4 {[%clk 01:30:58]} {[%emt 00:00:02]} c5 {[%clk 01:30:53]} {[%emt
00:00:07]} 2. c3 {[%clk 01:31:21]} {[%emt 00:00:06]} Nf6 {[%clk 01:31:15]}
{[%emt 00:00:09]} 3. e5 {[%clk 01:31:44]} {[%emt 00:00:08]} Nd5 {[%clk
01:31:40]} {[%emt 00:00:05]} 4. d4 {[%clk 01:32:07]} {[%emt 00:00:06]} cxd4
{[%clk 01:32:04]} {[%emt 00:00:05]} 5. cxd4 {[%clk 01:32:32]} {[%emt 00:00:06]}
e6 {[%clk 01:32:19]} {[%emt 00:00:16]} 6. Nf3 {[%clk 01:32:03]} {[%emt
00:00:59]} d6 {[%clk 01:32:35]} {[%emt 00:00:13]} 7. Bc4 {[%clk 01:28:35]}
{[%emt 00:03:57]} Nb6 {[%clk 01:31:41]} {[%emt 00:01:24]} 8. O-O {[%clk
01:26:59]} {[%emt 00:02:07]} Nxc4 {[%clk 01:25:01]} {[%emt 00:07:10]} 9. Qa4
{[%clk 01:27:16]} {[%emt 00:00:13]} Nd7 {[%clk 01:23:35]} {[%emt 00:01:56]} 10.
Qxc4 {[%clk 01:27:28]} {[%emt 00:00:19]} Be7 {[%clk 01:20:05]} {[%emt
00:03:59]} 11. Nc3 {[%clk 01:25:54]} {[%emt 00:02:04]} O-O {[%clk 01:17:15]}
{[%emt 00:03:20]} 12. Be3 {[%clk 01:21:33]} {[%emt 00:04:51]} dxe5 {[%clk
00:56:01]} {[%emt 00:21:44]} 13. dxe5 {[%clk 01:20:28]} {[%emt 00:01:35]} Qa5
{[%clk 00:51:43]} {[%emt 00:04:48]} 14. Bf4 {[%clk 01:12:06]} {[%emt 00:08:52]}
Nb6 {[%clk 00:44:46]} {[%emt 00:07:27]} 15. Qe4 {[%clk 01:06:23]} {[%emt
00:06:13]} h6 {[%clk 00:40:38]} {[%emt 00:04:38]} 16. Rac1 {[%clk 00:58:07]}
{[%emt 00:08:46]} Rb8 {[%clk 00:35:14]} {[%emt 00:05:54]} 17. a3 {[%clk
00:56:08]} {[%emt 00:02:29]} Bd7 {[%clk 00:32:23]} {[%emt 00:03:21]} 18. Rfd1
{[%clk 00:50:00]} {[%emt 00:06:38]} Bc6 {[%clk 00:31:29]} {[%emt 00:01:24]} 19.
Qe2 {[%clk 00:47:08]} {[%emt 00:03:22]} Nd5 {[%clk 00:27:58]} {[%emt 00:04:00]}
20. Nxd5 {[%clk 00:38:51]} {[%emt 00:08:47]} Bxd5 {[%clk 00:28:17]} {[%emt
00:00:12]} 21. Qe3 {[%clk 00:38:44]} {[%emt 00:00:37]} Rfd8 {[%clk 00:20:16]}
{[%emt 00:08:31]} 22. Bxh6 {[%clk 00:33:23]} {[%emt 00:05:51]} gxh6 {[%clk
00:18:33]} {[%emt 00:02:13]} 23. Qxh6 {[%clk 00:33:47]} {[%emt 00:00:06]} Bxf3
{[%clk 00:17:53]} {[%emt 00:01:11]} 24. gxf3 {[%clk 00:34:07]} {[%emt
00:00:09]} Qxe5 {[%clk 00:17:36]} {[%emt 00:00:47]} 25. Kh1 {[%clk 00:34:12]}
{[%emt 00:00:25]} Rxd1 {[%clk 00:16:35]} {[%emt 00:01:31]} 26. Rxd1 {[%clk
00:34:41]} {[%emt 00:00:01]} Bf6 {[%clk 00:15:50]} {[%emt 00:01:15]} 27. Rg1
{[%clk 00:29:01]} {[%emt 00:06:11]} Bg7 {[%clk 00:16:08]} {[%emt 00:00:11]} 28.
f4 {[%clk 00:25:40]} {[%emt 00:03:51]} Qxb2 {[%clk 00:14:40]} {[%emt 00:01:57]}
29. Qg5 {[%clk 00:25:45]} {[%emt 00:00:26]} Rc8 {[%clk 00:13:37]} {[%emt
00:01:32]} 30. f5 {[%clk 00:24:41]} {[%emt 00:01:35]} exf5 {[%clk 00:13:36]}
{[%emt 00:00:30]} 31. a4 {[%clk 00:24:11]} {[%emt 00:01:01]} Qe5 {[%clk
00:13:07]} {[%emt 00:00:59]} 32. h4 {[%clk 00:22:56]} {[%emt 00:01:45]} Kf8
{[%clk 00:12:10]} {[%emt 00:01:27]} 33. h5 {[%clk 00:22:48]} {[%emt 00:00:39]}
Qf6 {[%clk 00:11:26]} {[%emt 00:01:14]} 34. Qg3 {[%clk 00:22:15]} {[%emt
00:01:02]} Qh6 {[%clk 00:09:11]} {[%emt 00:02:44]} 35. Qa3 {[%clk 00:21:33]}
{[%emt 00:01:14]} Kg8 {[%clk 00:09:12]} {[%emt 00:00:28]} 36. Qh3 {[%clk
00:21:49]} {[%emt 00:00:15]} Rc1 {[%clk 00:08:54]} {[%emt 00:00:46]} 37. Qxf5
{[%clk 00:18:42]} {[%emt 00:03:38]} Rxg1 {[%clk 00:08:44]} {[%emt 00:00:40]}
38. Kxg1 {[%clk 00:19:08]} {[%emt 00:00:04]} Qe6 {[%clk 00:07:39]} {[%emt
00:01:34]} 39. Qg5 {[%clk 00:18:05]} {[%emt 00:01:34]} Qe1 {[%clk 00:03:47]}
{[%emt 00:04:22]} 40. Kg2 {[%clk 00:18:13]} {[%emt 00:00:23]} Qe4 {[%clk
00:03:49]} {[%emt 00:00:26]} 41. Kg3 {[%clk 00:16:26]} {[%emt 00:02:18]} Qe5
{[%clk 00:03:47]} {[%emt 00:00:31]} 42. f4 {[%clk 00:16:01]} {[%emt 00:00:56]}
Qxg5 {[%clk 00:03:58]} {[%emt 00:00:19]} 43. fxg5 {[%clk 00:16:29]} {[%emt
00:00:02]} Bd4 {[%clk 00:03:32]} {[%emt 00:00:55]} 44. Kf4 {[%clk 00:16:37]}
{[%emt 00:00:22]} Kg7 {[%clk 00:03:26]} {[%emt 00:00:36]} 45. g6 {[%clk
00:16:42]} {[%emt 00:00:26]} fxg6 {[%clk 00:03:32]} {[%emt 00:00:24]} 46. hxg6
{[%clk 00:17:10]} {[%emt 00:00:02]} Kxg6 {[%clk 00:03:35]} {[%emt 00:00:27]}
47. Ke4 {[%clk 00:17:37]} {[%emt 00:00:03]} Bg1 {[%clk 00:03:32]} {[%emt
00:00:33]} 48. Kd5 {[%clk 00:17:49]} {[%emt 00:00:17]} a5 {[%clk 00:03:44]}
{[%emt 00:00:18]} 49. Ke6 {[%clk 00:16:49]} {[%emt 00:01:31]} b6 {[%clk
00:03:55]} {[%emt 00:00:19]} 50. Ke5 {[%clk 00:16:23]} {[%emt 00:00:55]} Kg5
{[%clk 00:04:11]} {[%emt 00:00:16]} 51. Ke4 {[%clk 00:16:33]} {[%emt 00:00:19]}
Kg4 {[%clk 00:04:26]} {[%emt 00:00:16]} 52. Kd3 {[%clk 00:16:44]} {[%emt
00:00:18]} Kf3 {[%emt 00:00:15]} 53. Kd2 {[%clk 00:15:59]} {[%emt 00:01:14]}
Ke4 {[%clk 00:05:01]} {[%emt 00:00:12]} 54. Kc3 {[%clk 00:16:18]} {[%emt
00:00:09]} Kd5 {[%clk 00:04:59]} {[%emt 00:00:32]} 55. Kd3 {[%clk 00:16:41]}
{[%emt 00:00:07]} Kc5 {[%clk 00:04:45]} {[%emt 00:00:44]} 56. Kc3 {[%clk
00:17:00]} {[%emt 00:00:12]} Bf2 {[%clk 00:04:57]} {[%emt 00:00:18]} 57. Kb3
{[%clk 00:17:07]} {[%emt 00:00:23]} Kd4 {[%clk 00:05:18]} {[%emt 00:00:09]} 0-1

[Event "DVM U14 2022"]
[Site "Kelheim GER"]
[Date "2022.12.27"]
[Round "2"]
[White "Polzin, Gustav"]
[Black "Blodig, Vincent"]
[Result "1-0"]
[Termination "normal"]
[Board "3.1"]
[WhiteElo "1880"]
[BlackElo "1541"]
[WhiteClock "00:33:05"]
[BlackClock "00:29:11"]
[WhiteTeam "USV Halle"]
[BlackTeam "Schachfreunde Augsburg"]
[PlyCount "119"]
[WhiteFideId "34603280"]
[BlackFideId "16297857"]
[EventCountry "GER"]
[EventRounds "7"]
[EventType "team-swiss"]
[EventDate "2022.12.26"]

1. e4 {[%clk 01:30:53]} {[%emt 00:00:07]} c5 {[%clk 01:30:53]} {[%emt
00:00:07]} 2. Nc3 {[%clk 01:31:12]} {[%emt 00:00:11]} Nc6 {[%clk 01:31:14]}
{[%emt 00:00:08]} 3. Nf3 {[%clk 01:30:59]} {[%emt 00:00:44]} Nf6 {[%clk
01:31:30]} {[%emt 00:00:15]} 4. d4 {[%clk 01:28:58]} {[%emt 00:02:31]} cxd4
{[%clk 01:31:54]} {[%emt 00:00:05]} 5. Nxd4 {[%clk 01:28:43]} {[%emt 00:00:45]}
e6 {[%clk 01:32:10]} {[%emt 00:00:14]} 6. Be3 {[%clk 01:28:15]} {[%emt
00:00:58]} Bb4 {[%clk 01:32:20]} {[%emt 00:00:20]} 7. f3 {[%clk 01:13:40]}
{[%emt 00:15:05]} d5 {[%clk 01:31:46]} {[%emt 00:01:04]} 8. Nxc6 {[%clk
01:13:41]} {[%emt 00:00:29]} bxc6 {[%clk 01:32:09]} {[%emt 00:00:07]} 9. e5
{[%clk 01:13:26]} {[%emt 00:00:45]} Nd7 {[%clk 01:31:38]} {[%emt 00:01:00]} 10.
f4 {[%clk 01:13:01]} {[%emt 00:00:57]} O-O {[%clk 01:26:22]} {[%emt 00:05:45]}
11. a3 {[%clk 01:11:27]} {[%emt 00:02:04]} Bxc3 {[%clk 01:24:44]} {[%emt
00:02:08]} 12. bxc3 {[%clk 01:11:46]} {[%emt 00:00:11]} f6 {[%clk 01:24:22]}
{[%emt 00:00:52]} 13. Qg4 {[%clk 01:08:54]} {[%emt 00:03:22]} Qe7 {[%clk
01:23:35]} {[%emt 00:01:17]} 14. Bd3 {[%clk 01:03:12]} {[%emt 00:06:12]} f5
{[%clk 01:15:59]} {[%emt 00:08:06]} 15. Qf3 {[%clk 01:01:43]} {[%emt 00:01:59]}
Nc5 {[%clk 01:14:14]} {[%emt 00:02:14]} 16. O-O {[%clk 01:00:09]} {[%emt
00:02:08]} Ne4 {[%clk 01:11:58]} {[%emt 00:02:43]} 17. Bxe4 {[%clk 01:00:11]}
{[%emt 00:00:28]} fxe4 {[%clk 01:11:50]} {[%emt 00:00:38]} 18. Qf2 {[%clk
01:00:25]} {[%emt 00:00:16]} Qe8 {[%clk 01:08:37]} {[%emt 00:03:42]} 19. Bxa7
{[%clk 00:56:50]} {[%emt 00:04:06]} Ba6 {[%clk 01:02:12]} {[%emt 00:06:54]} 20.
Rfe1 {[%clk 00:55:38]} {[%emt 00:01:42]} g5 {[%clk 00:57:47]} {[%emt 00:04:56]}
21. Be3 {[%clk 00:51:59]} {[%emt 00:04:09]} Qg6 {[%clk 00:53:20]} {[%emt
00:04:57]} 22. Qd2 {[%clk 00:47:45]} {[%emt 00:04:43]} gxf4 {[%clk 00:52:06]}
{[%emt 00:01:45]} 23. Bxf4 {[%clk 00:47:55]} {[%emt 00:00:21]} Rf5 {[%clk
00:51:17]} {[%emt 00:01:18]} 24. Rab1 {[%clk 00:41:55]} {[%emt 00:06:30]} Raf8
{[%clk 00:48:31]} {[%emt 00:03:16]} 25. Bh6 {[%clk 00:41:55]} {[%emt 00:00:31]}
Rf2 {[%clk 00:47:18]} {[%emt 00:01:41]} 26. Qg5 {[%clk 00:35:20]} {[%emt
00:07:06]} Qxg5 {[%clk 00:47:08]} {[%emt 00:00:40]} 27. Bxg5 {[%clk 00:35:35]}
{[%emt 00:00:15]} Rxc2 {[%clk 00:47:27]} {[%emt 00:00:10]} 28. Re3 {[%clk
00:34:33]} {[%emt 00:01:33]} Rb2 {[%clk 00:29:34]} {[%emt 00:18:23]} 29. Rbe1
{[%clk 00:33:06]} {[%emt 00:01:58]} Rb3 {[%clk 00:28:44]} {[%emt 00:01:18]} 30.
Rg3 {[%clk 00:31:45]} {[%emt 00:01:51]} Rf7 {[%clk 00:28:16]} {[%emt 00:00:59]}
31. h4 {[%clk 00:29:12]} {[%emt 00:03:02]} Kf8 {[%clk 00:27:38]} {[%emt
00:01:07]} 32. Bf6 {[%clk 00:26:30]} {[%emt 00:03:14]} Bd3 {[%clk 00:20:11]}
{[%emt 00:07:57]} 33. Ra1 {[%clk 00:23:24]} {[%emt 00:03:36]} Rxc3 {[%clk
00:19:23]} {[%emt 00:01:18]} 34. a4 {[%clk 00:21:43]} {[%emt 00:02:11]} Ra7
{[%clk 00:10:59]} {[%emt 00:08:53]} 35. a5 {[%clk 00:13:13]} {[%emt 00:09:01]}
Rc5 {[%clk 00:07:55]} {[%emt 00:03:34]} 36. Bd8 {[%clk 00:12:43]} {[%emt
00:00:59]} Rb5 {[%clk 00:07:00]} {[%emt 00:01:24]} 37. Ra2 {[%clk 00:11:22]}
{[%emt 00:01:52]} d4 {[%clk 00:05:11]} {[%emt 00:02:19]} 38. Bb6 {[%clk
00:11:33]} {[%emt 00:00:20]} e3 {[%clk 00:02:04]} {[%emt 00:03:37]} 39. Bxa7
{[%clk 00:09:17]} {[%emt 00:02:45]} Rb1 {[%clk 00:01:32]} {[%emt 00:01:02]} 40.
Kh2 {[%clk 00:09:24]} {[%emt 00:00:24]} e2 {[%clk 00:01:21]} {[%emt 00:00:41]}
41. Rxe2 {[%clk 00:07:34]} {[%emt 00:02:20]} Bxe2 {[%clk 00:01:36]} {[%emt
00:00:15]} 42. Bxd4 {[%clk 00:07:11]} {[%emt 00:00:52]} Rc1 {[%clk 00:30:08]}
{[%emt 00:01:58]} 43. Be3 {[%clk 00:35:55]} {[%emt 00:01:48]} Ra1 {[%clk
00:28:22]} {[%emt 00:02:14]} 44. Bc5 {[%clk 00:32:09]} {[%emt 00:04:16]} Kf7
{[%clk 00:28:27]} {[%emt 00:00:25]} 45. Ra3 {[%clk 00:31:12]} {[%emt 00:01:28]}
Rxa3 {[%clk 00:27:44]} {[%emt 00:01:12]} 46. Bxa3 {[%clk 00:31:27]} {[%emt
00:00:16]} Kg6 {[%clk 00:27:56]} {[%emt 00:00:17]} 47. Kg3 {[%clk 00:29:24]}
{[%emt 00:02:34]} Kf5 {[%clk 00:28:06]} {[%emt 00:00:20]} 48. Bd6 {[%clk
00:29:24]} {[%emt 00:00:29]} h5 {[%clk 00:27:57]} {[%emt 00:00:39]} 49. Kf2
{[%clk 00:29:35]} {[%emt 00:00:19]} Ba6 {[%clk 00:28:05]} {[%emt 00:00:21]} 50.
Ke3 {[%clk 00:29:36]} {[%emt 00:00:31]} Bb7 {[%clk 00:27:45]} {[%emt 00:00:49]}
51. Kd4 {[%clk 00:29:52]} {[%emt 00:00:15]} c5 {[%clk 00:27:33]} {[%emt
00:00:41]} 52. Kxc5 {[%clk 00:30:10]} {[%emt 00:00:13]} Bxg2 {[%clk 00:27:56]}
{[%emt 00:00:06]} 53. a6 {[%clk 00:30:34]} {[%emt 00:00:07]} Kg4 {[%clk
00:28:15]} {[%emt 00:00:10]} 54. Be7 {[%clk 00:30:59]} {[%emt 00:00:06]} Kf5
{[%clk 00:28:01]} {[%emt 00:00:42]} 55. Bf6 {[%clk 00:31:21]} {[%emt 00:00:09]}
Kg6 {[%clk 00:27:54]} {[%emt 00:00:37]} 56. a7 {[%clk 00:31:43]} {[%emt
00:00:08]} Kf7 {[%clk 00:28:19]} {[%emt 00:00:06]} 57. Kd6 {[%clk 00:32:09]}
{[%emt 00:00:04]} Ke8 {[%clk 00:28:36]} {[%emt 00:00:12]} 58. Kc7 {[%clk
00:32:32]} {[%emt 00:00:08]} Ba8 {[%clk 00:28:47]} {[%emt 00:00:19]} 59. Kb8
{[%clk 00:32:50]} {[%emt 00:00:06]} Kd7 {[%clk 00:29:11]} {[%emt 00:00:11]} 60.
Kxa8 {[%clk 00:33:05]} {[%emt 00:00:16]} 1-0